<?xml version="1.0" encoding="UTF-8"?>
<collection xmlns="http://www.loc.gov/MARC21/slim">
 <record>
  <leader>00784aam a22002298a 4500</leader>
  <controlfield tag="001">00044431</controlfield>
  <controlfield tag="005">20190718110729.0</controlfield>
  <controlfield tag="008">120724s2011                  ||||||engsd</controlfield>
  <datafield tag="020" ind1="#" ind2="#">
   <subfield code="c">100000</subfield>
  </datafield>
  <datafield tag="041" ind1="0" ind2="#">
   <subfield code="a">eng</subfield>
  </datafield>
  <datafield tag="082" ind1="1" ind2="4">
   <subfield code="a">428</subfield>
   <subfield code="b">D207T</subfield>
  </datafield>
  <datafield tag="100" ind1="1" ind2="#">
   <subfield code="a">Edmunds, Paul</subfield>
  </datafield>
  <datafield tag="245" ind1="1" ind2="0">
   <subfield code="a">Developing skills for the Toeic test</subfield>
   <subfield code="c">Paul Edmunds, Anne Taylor</subfield>
  </datafield>
  <datafield tag="260" ind1="#" ind2="#">
   <subfield code="a">TP.HCM</subfield>
   <subfield code="b">Trẻ</subfield>
   <subfield code="c">2008</subfield>
  </datafield>
  <datafield tag="300" ind1="#" ind2="#">
   <subfield code="a">270tr.</subfield>
   <subfield code="c">26cm.</subfield>
   <subfield code="e">3 CD</subfield>
  </datafield>
  <datafield tag="653" ind1="#" ind2="#">
   <subfield code="a">Bài tập</subfield>
  </datafield>
  <datafield tag="653" ind1="#" ind2="#">
   <subfield code="a">Kỹ năng</subfield>
  </datafield>
  <datafield tag="653" ind1="#" ind2="#">
   <subfield code="a">Luyện thi</subfield>
  </datafield>
  <datafield tag="653" ind1="#" ind2="#">
   <subfield code="a">TOEIC</subfield>
  </datafield>
  <datafield tag="653" ind1="#" ind2="#">
   <subfield code="a">Tiếng Anh</subfield>
  </datafield>
  <datafield tag="852" ind1="#" ind2="#">
   <subfield code="j">KM.0031227</subfield>
   <subfield code="j">KM.0031228</subfield>
   <subfield code="j">KM.0031229</subfield>
   <subfield code="j">KM.0031230</subfield>
   <subfield code="j">KM.0031231</subfield>
   <subfield code="j">KM.0031232</subfield>
   <subfield code="j">KM.0031233</subfield>
   <subfield code="j">KM.0031234</subfield>
   <subfield code="j">KM.0031235</subfield>
   <subfield code="j">KM.0031236</subfield>
   <subfield code="j">KM.0031237</subfield>
   <subfield code="j">KM.0031238</subfield>
  </datafield>
  <datafield tag="980" ind1="#" ind2="#">
   <subfield code="a">Trung tâm Học liệu Lê Vũ Hùng, Trường Đại học Đồng Tháp</subfield>
  </datafield>
 </record>
</collection>
